| Tag |
First Indicator |
Second Indicator |
Subfields |
| LEADER |
00000cam a22000008a 4500 |
| 001 |
in00001530421 |
| 005 |
20200713143807.0 |
| 008 |
000411s1999 nyu 001 0 eng |
| 010 |
|
|
|a 99039156
|
| 035 |
|
|
|a (OCoLC)41977180
|
| 040 |
|
|
|a DLC
|c DLC
|d TXA
|
| 020 |
|
|
|a 0791800938
|
| 042 |
|
|
|a pcc
|
| 050 |
0 |
0 |
|a TJ267.5.C5
|b A96 2000
|
| 082 |
0 |
0 |
|a 621.5/1
|2 21
|
| 049 |
|
|
|a TXAM
|
| 100 |
1 |
|
|a Aungier, Ronald H.
|
| 245 |
1 |
0 |
|a Centrifugal compressors :
|b a strategy for aerodynamic design and analysis /
|c Ronald H. Aungier.
|
| 260 |
|
|
|a New York :
|b ASME Press,
|c 2000.
|
| 263 |
|
|
|a 0001
|
| 300 |
|
|
|a 315 p.
|
| 336 |
|
|
|a text
|b txt
|2 rdacontent
|
| 337 |
|
|
|a unmediated
|b n
|2 rdamedia
|
| 338 |
|
|
|a volume
|b nc
|2 rdacarrier
|
| 650 |
|
0 |
|a Compressors
|x Aerodynamics.
|
| 650 |
|
0 |
|a Compressors
|x Design and construction.
|
| 994 |
|
|
|a E0
|b TXA
|
| 948 |
|
|
|a cataloged
|b h
|c 2000/4/11
|d c
|e blrosas
|f 4:02:14 pm
|
| 999 |
f |
f |
|s 8479cf20-ecf3-3206-bae9-2707f3625029
|i c386cb74-2a0a-39b8-ac71-8cefc8bea51f
|t 0
|
| 952 |
f |
f |
|p normal
|a Texas A&M University
|b College Station
|c Sterling C. Evans Library
|d Evans: Library Stacks
|t 0
|e TJ267.5.C5 A96 2000
|h Library of Congress classification
|i unmediated -- volume
|m A14825871376
|
| 998 |
f |
f |
|a TJ267.5.C5 A96 2000
|t 0
|l Evans: Library Stacks
|